Film che iniziano per V - Statistics

Statistiche generali
  • Questo quiz è stato fatto 95 volte
  • Il punteggio medio è 5 su 12
Statistiche sulle risposte
Descrizione Film % Corretto
In un futuro distopico Evey viene salvata da un anarchico deciso a vendicarsi del regime totalitario che reprime ogni libertà e dissenso. V per vendetta
72%
Un geologo scopre un antico manoscritto islandese che suggerisce l'esistenza di un percorso verso il nucleo del nostro pianeta. Viaggio al centro della terra
63%
Un ragazzo, dopo il naufragio della nave che trasporta la sua famiglia e gli animali di cui sono proprietari, si ritrova su una scialuppa con una tigre del Bengala. Vita di Pi
59%
L'illusione della viziata ereditiera di una piantagione in Georgia, di avere una vita facile e agiata si infrange quando i venti della guerra civile cominciano a spirare sugli USA. Via col vento
56%
Un reporter investigativo viene accidentalmente fuso con un simbionte alieno, sviluppando poteri sovrumani e una nuova identità. Venom
53%
Una principessa è in visita a Roma per un tour ufficiale. Stanca delle restrizioni della sua vita, decide di scappare per esplorare la città e vivere un giorno di libertà. Vacanze romane
48%
Un gruppo di giovani si reca al campeggio di Crystal Lakes. Un assassino comincia però a perseguitarli in modo brutale. Venerdì 13
44%
Sulle Alpi alcuni turisti vivono un serie di situazioni comiche che si intrecciano a storie d'amore, fraintendimenti e momenti di convivialità tipici della festività natalizia. Vacanze di Natale
35%
La vita perfetta di un rispettato uomo d'affari viene stravolta quando incontra uno straniero che si rivela essere la Morte in forma umana. Vi presento Joe Black
32%
Le avventure di tre coppie italiane alle prese con la luna di miele. Viaggi di nozze
30%
Raimunda vive con sua figlia in una cittadina vicino a Madrid. La sua vita è segnata da difficoltà e segreti, tra cui il marito che la maltratta. Volver
10%
Uno studente, indagando su un macabro ritrovamento, scopre che nella sua cittadina esiste un mondo sotterraneo fatto di violenza, traffico di droghe e corruzione. Velluto Blu
6%
Nessun quiz corrispondente trovato
Distribuzione punteggi
Percentuale di utenti per punteggio
Percentile per numero di risposta
I tuoi punteggi nel tempo
Non hai fatto questo quiz